Antología

Guardat en:
Dades bibliogràfiques
Autor principal: Hernández, Miguel
Format: Llibre
Idioma:Spanish
Publicat: Buenos Aires, Argentina Losada 1960
Matèries:
Etiquetes: Afegir etiqueta
Sense etiquetes, Sigues el primer a etiquetar aquest registre!

MARC

LEADER 00000nam a2200000Ia 4500
008 170316s9999 xx 000 0 spa d
999 |c 18439  |d 18439 
040 |a cru BVZT 
090 |a 862 H-3a 
100 |a Hernández, Miguel 
245 |a Antología  |c Miguel Hernández 
260 |a Buenos Aires, Argentina 
260 |b Losada 
260 |c 1960 
300 |a 205 páginas 
650 |a LINGÜÍSTICA  |9 55 
650 |a PERITO EN LUNAS 
650 |a PRIMEROS POEMAS 
650 |a EL SILBO VULNERADO 
650 |a EL RAYO QUE NO CESA 
650 |a POEMAS 
650 |a VIENTO DEL PUEBLO 
650 |a EL HOMBRE ACECHA 
650 |a CANCIONERO  |9 213 
650 |a ROMANCERO DE AUSENCIAS 
650 |a POEMAS INÉDITOS 
650 |a TEATRO  |9 211 
942 |c 15 D  |h 862 H-3a  |2 z